[Event "Garmisch"]
[Site "Garmisch"]
[Date "1994.??.??"]
[Round "13"]
[White "Hertneck, Gerald"]
[Black "Landenbergue, Claude"]
[Result "1-0"]
[WhiteElo "2605"]
[BlackElo "2450"]

1.d4 Nf6 2.Bg5 Ne4 3.Bf4 d5 4.f3 Nf6 5.Nc3 e6 6.e4 Bb4 7.e5 Nfd7 8.Ne2 c5
9.a3 Bxc3+ 10.bxc3 Nc6 11.Be3 Qa5 12.Kf2 O-O 13.g3 Nb6 14.Qe1 Bd7 15.f4 Rac8
16.dxc5 Na4 17.Nd4 Nxc3 18.Bd3 Ne4+ 19.Bxe4 Qxe1+ 20.Rhxe1 dxe4 21.Rad1 Ne7
22.Nb3 Ba4 23.Rd4 Bxb3 24.cxb3 Rxc5 25.Rd7 Rc2+ 26.Re2 Rxe2+ 27.Kxe2 Nd5
28.Rxb7 a6 29.Bc5 Rc8 30.b4 h5 31.Rd7 g6 32.Ra7 Rc6 33.h4 Kg7 34.Kd2 Kg8
35.a4 Kg7 36.a5 Kg8 37.Rd7 Rc8 38.Rd6 Rb8 39.Rxa6 Nxb4 40.Rb6 Rd8+ 41.Bd6 Nd5
42.Rb8 Rxb8 43.Bxb8 Kf8 44.a6 Ke8 45.a7 Nb6 46.Ke3 Kd7 47.Kxe4 Kc6 48.Bd6 Kb7
49.Bc5 Na8 50.Kf3 Kc6 51.Bf2 Kd5 52.g4 hxg4+ 53.Kxg4 Ke4 54.Kg5 Kf3 55.Bc5 Ke4
56.Ba3 Kf3 57.Bc1 Kg3 58.h5 gxh5 59.Kxh5 Kf3 60.Kg5 Ke4 61.Kf6 Nc7 62.Kxf7 Kf5
63.Ke7 Na8 64.Kd6 Nb6 65.Kc6  1-0

[Event "Geneve op"]
[Site "Geneve"]
[Date "1994.??.??"]
[Round "7"]
[White "Legky, Nikolay A"]
[Black "Gheorghiu, Florin"]
[Result "1/2-1/2"]
[WhiteElo "2525"]
[BlackElo "2465"]

1.d4 Nf6 2.Bg5 Ne4 3.Bf4 d5 4.e3 e6 5.f3 Nf6 6.Nd2 Nh5 7.c3 Nxf4 8.exf4 Bd6
9.g3 c5 10.Nb3 c4 11.Nd2 b5 12.Ne2 Nc6 13.Bg2 O-O 14.a3  1/2-1/2

[Event "Bundesliga 9394"]
[Site "Germany"]
[Date "1994.??.??"]
[Round "?"]
[White "Hennig, Dirk"]
[Black "Vogt, Lothar"]
[Result "1/2-1/2"]
[WhiteElo "2330"]
[BlackElo "2495"]

1.d4 Nf6 2.Bg5 Ne4 3.Bf4 d5 4.f3 Nf6 5.Nc3 e6 6.e4 Bb4 7.e5 Nfd7 8.a3 Be7
9.b4 a5 10.b5 c5 11.Na4 cxd4 12.Qxd4 f6 13.Rd1 fxe5 14.Bxe5 Nxe5 15.Qxe5 O-O
16.Bd3 Bh4+ 17.g3 Bf6 18.Qe3 e5 19.Bc4 Nd7 20.Bxd5+ Kh8 21.Ne2 Bg5 22.Qb3 Qe7
23.Nec3 Nf6 24.Nb6 Rb8 25.Nxc8 Rbxc8 26.Ne4 Nxe4 27.Bxe4 Qc5  1/2-1/2

[Event "Bundesliga 9394"]
[Site "Germany"]
[Date "1994.??.??"]
[Round "?"]
[White "Hertneck, Gerald"]
[Black "Gavrikov, Viktor"]
[Result "0-1"]
[WhiteElo "2555"]
[BlackElo "2580"]

1.d4 Nf6 2.Bg5 Ne4 3.Bf4 d5 4.f3 Nf6 5.Nc3 c5 6.e4 dxe4 7.d5 exf3 8.Nxf3 g6
9.Nb5 Na6 10.Bc4 Bg7 11.Qe2 O-O 12.O-O-O Qa5 13.Bd2 Qb6 14.a4 Bd7 15.a5 Qd8
16.Rhe1 Nb4 17.Qxe7 Qxa5 18.Kb1 Qa4 19.Nfd4 Nbxd5 20.Bxd5 cxd4 21.Nc7 Nxd5
22.Nxd5 Bf5 23.Rc1 Rac8 24.Qa3 Bxc2+ 25.Ka1 Qxa3+ 26.bxa3 Rc5 27.Nb4 d3+
28.Ka2 Rb5  0-1

[Event "Bundesliga 9394"]
[Site "Germany"]
[Date "1994.??.??"]
[Round "?"]
[White "Hodgson, Julian M"]
[Black "Kalka, Arkadius Georg"]
[Result "1-0"]
[WhiteElo "2570"]
[BlackElo "2345"]

1.d4 Nf6 2.Bg5 Ne4 3.Bf4 d5 4.f3 Nf6 5.Nc3 Bf5 6.e4 dxe4 7.fxe4 Bxe4 8.Nxe4 Nxe4
9.Qf3 Qxd4 10.Rd1 Qa4 11.Bd3 Nc5 12.Ne2 Nbd7 13.O-O Nxd3 14.Rxd3 Qc6 15.Qg3 O-O-O
16.Rc3 Qb6+ 17.Be3 Qd6 18.Qf2 f6 19.Rd3 Qc6 20.Nd4 Qe4 21.Nb5 e5 22.Nxa7+ Kb8
23.Rfd1 Bd6 24.Nb5 Qg4 25.Ba7+ Kc8 26.Nxd6+ cxd6 27.Rc3+ Nc5 28.Qxc5+  1-0

[Event "BL2-O9394"]
[Site "Germany"]
[Date "1994.??.??"]
[Round "?"]
[White "Majer, Damir"]
[Black "Staller, Peter"]
[Result "0-1"]
[WhiteElo "2225"]
[BlackElo "2385"]

1.d4 Nf6 2.Bg5 Ne4 3.Bf4 c5 4.f3 Nf6 5.d5 d6 6.e4 g6 7.Bd3 Bg7 8.Ne2 O-O
9.c3 e6 10.Qb3 exd5 11.exd5 Nh5 12.Bc1 Nd7 13.O-O Ne5 14.c4 Re8 15.g4 Qe7
16.Rf2 Qh4 17.gxh5 Nxd3 18.Qxd3 Bd4 19.Nxd4 Re1+ 20.Rf1 Bh3 21.Nd2 cxd4 22.f4 Re3  0-1

[Event "BL2-W9394"]
[Site "Germany"]
[Date "1994.??.??"]
[Round "?"]
[White "Hausrath, Daniel"]
[Black "Himmel, Hansjoerg"]
[Result "1/2-1/2"]
[WhiteElo "2285"]
[BlackElo "2355"]

1.d4 Nf6 2.Bg5 Ne4 3.Bf4 d5 4.Nd2 Nxd2 5.Qxd2 e6 6.e3 Be7 7.Bd3 O-O 8.Nf3 b6
9.Qe2 Nd7 10.e4 c5 11.exd5 exd5 12.O-O Nf6 13.Ne5 Bd6 14.Qf3 Qc7 15.Rfe1 cxd4
16.g4 Nxg4 17.Qg3 Nxe5 18.Bxe5 Bxe5 19.Rxe5 g6 20.Rxd5 Qc6 21.Qd6 Bb7 22.Qxc6 Bxc6
23.Rxd4 Rad8 24.Rxd8 Rxd8 25.Re1 Kf8 26.Re3 Rd4 27.Rh3 h5 28.Kf1 Rg4 29.Ke2 Rg1
30.Bc4 Bg2 31.Rc3 Rh1 32.Bb3 Rxh2 33.Rc7 f5 34.Rxa7 h4 35.Rf7+ Ke8 36.Rg7 h3
37.Rxg6 b5 38.Ke3 Rh1 39.Rh6 Re1+ 40.Kf4 Re2 41.Kg3 f4+ 42.Kxf4 Rxf2+ 43.Kg3 Rd2
44.Rh5 Kd7 45.Rh6 Kc7 46.Kf4 Re2 47.Kg3  1/2-1/2

[Event "NRW-Liga I 9394"]
[Site "Germany"]
[Date "1994.??.??"]
[Round "?"]
[White "Mueller, Michael"]
[Black "Rosen, Willy"]
[Result "1-0"]
[WhiteElo "2320"]
[BlackElo "2265"]

1.d4 Nf6 2.Bg5 Ne4 3.Bf4 d5 4.Nd2 Nxd2 5.Qxd2 Bf5 6.e3 e6 7.Nf3 Be7 8.Bd3 Bxd3
9.Qxd3 Nd7 10.O-O O-O 11.c4 c6 12.c5 f6 13.b4 Qe8 14.Bg3 b5 15.a4 a6 16.e4 Qf7
17.exd5 exd5 18.Qf5 Nb8 19.Rfe1 Ra7 20.axb5 cxb5 21.Qe6 Qxe6 22.Rxe6 Kf7
23.Bxb8 Rxb8 24.Rexa6 Rxa6 25.Rxa6 Rb7 26.Kf1 g6 27.Ke2 h5 28.Nd2 g5 29.Nf1 Bd8
30.Ne3 Rd7 31.Kd3 Bc7 32.c6 Rd6 33.Ra7  1-0

[Event "Bundesliga 9394"]
[Site "Germany"]
[Date "1994.??.??"]
[Round "?"]
[White "Vatter, Hans Joachim"]
[Black "Lingnau, Carsten"]
[Result "1/2-1/2"]
[WhiteElo "2330"]
[BlackElo "2395"]

1.d4 Nf6 2.Bg5 Ne4 3.Bf4 c5 4.d5 Qb6 5.Bc1 g6 6.f3 Nf6 7.e4 d6 8.c4 Bg7 9.Nc3 O-O
10.Bd3 e6 11.dxe6 fxe6 12.Nge2 Nc6 13.Rb1 a6 14.Be3 Qc7 15.O-O b6 16.Kh1 Bb7
17.a3 Ne5 18.Nf4 Rfe8 19.Be2 Rad8 20.Qb3 Nc6 21.Rfc1 Nd7 22.Qd1 Nd4 23.Bf1 Nb8
24.b4 Nbc6 25.Nfe2 Qf7 26.b5 axb5 27.Nxd4 cxd4 28.cxb5 dxe3 29.bxc6 Bxc6
30.Rxb6 Ba8 31.Rxd6 Qe7 32.Rxd8 Rxd8 33.Qb3 Bb7 34.Nb5 Bh6 35.Rc7 Rd7 36.Rxd7 Qxd7
37.Qd3 Qxd3 38.Bxd3 Ba6 39.a4 Bf8 40.Kg1 Bc5 41.Kf1 Bxb5 42.Bxb5 Kf7 43.Ke2 e5
44.Kd3 Ke7 45.a5 g5 46.g3 Ba7  1/2-1/2

[Event "Bundesliga 9394"]
[Site "Germany"]
[Date "1994.??.??"]
[Round "?"]
[White "Vatter, Hans Joachim"]
[Black "Klundt, Klaus"]
[Result "1-0"]
[WhiteElo "2320"]
[BlackElo "2375"]

1.d4 Nf6 2.Bg5 Ne4 3.Bf4 d5 4.f3 Nf6 5.Nc3 Bf5 6.g4 Bg6 7.h4 h6 8.e3 e6 9.Bd3 Bxd3
10.Qxd3 Nc6 11.O-O-O Bd6 12.Nge2 Qd7 13.g5 Nh5 14.Bxd6 Qxd6 15.Kb1 O-O-O
16.f4 Kb8 17.Na4 Na5 18.b3 b6 19.Ka1 g6 20.Rb1 Qd7 21.Nb2 Nb7 22.Qa6 c5 23.Nd3 Rc8
24.Ne5 Qc7 25.c4 hxg5 26.hxg5 Rhd8 27.cxd5 exd5 28.Rbc1 Nd6 29.dxc5 bxc5
30.Nd4 Ka8 31.Ndc6 Re8 32.Rxc5  1-0

[Event "Giessen Feb-IM"]
[Site "Giessen"]
[Date "1994.??.??"]
[Round "7"]
[White "Tondivar, Babak"]
[Black "Lukov, Valentin"]
[Result "0-1"]
[WhiteElo "2345"]
[BlackElo "2380"]

1.d4 Nf6 2.Bg5 Ne4 3.Bf4 d5 4.Nd2 Nxd2 5.Qxd2 c6 6.e3 Bf5 7.Bd3 Bxd3 8.Qxd3 Qa5+
9.c3 Qa6 10.Qxa6 Nxa6 11.Ne2 e6 12.f3 Kd7 13.Kd2 Be7 14.Rhc1 g5 15.Bg3 h5
16.h3 Rag8 17.Rh1 Nc7 18.b3 Nb5 19.c4 Nd6 20.c5 Nf5 21.Bf2 Nh4 22.Rhg1 g4
23.Bxh4 Bxh4 24.fxg4 hxg4 25.g3 Bd8 26.h4 e5 27.dxe5 Rh5 28.Rgf1 Rg7 29.e6+ fxe6
30.b4 Be7 31.a3 b6 32.cxb6 axb6 33.Kd3 c5 34.bxc5 bxc5 35.e4 c4+ 36.Kd4 Kc6
37.exd5+ exd5 38.Nf4 Bc5+ 39.Kc3 Re5 40.Rae1 Rge7 41.Rxe5 Rxe5 42.h5 Re3+
43.Kc2 Rxg3 44.h6 Rxa3 45.h7 Ra2+ 46.Kc3 Rh2 47.Rd1 g3 48.Rxd5 g2  0-1

[Event "Groningen op"]
[Site "Groningen"]
[Date "1994.??.??"]
[Round "10"]
[White "Vehi Bach, Victor Manuel"]
[Black "Douven, Rudy C"]
[Result "1-0"]
[WhiteElo "2455"]
[BlackElo "2400"]

1.d4 Nf6 2.Bg5 Ne4 3.Bf4 d5 4.f3 Nf6 5.Nc3 e6 6.e4 Bb4 7.Qd3 c5 8.dxc5 O-O
9.O-O-O Qa5 10.exd5 exd5 11.Nge2 Nc6 12.Qb5 Bxc5 13.Qxa5 Nxa5 14.Nxd5 Nxd5
15.Rxd5 b6 16.Nc3 Be6 17.Rd1 Rfd8 18.Ba6 Bc4 19.Bxc4 Nxc4 20.Nd5 f6 21.b3 Ba3+
22.Kb1 Nd6 23.Rd3 g5 24.Nxf6+ Kf7 25.Bxd6  1-0

[Event "EU-ch U18"]
[Site "Hania"]
[Date "1994.??.??"]
[Round "9"]
[White "Mirumian, Vigen"]
[Black "Gelashvili, Tamaz"]
[Result "1/2-1/2"]
[WhiteElo "2290"]
[BlackElo "2260"]

1.d4 Nf6 2.Bg5 Ne4 3.Bf4 c5 4.f3 Qa5+ 5.c3 Nf6 6.Nd2 cxd4 7.Nb3 Qb6 8.Qxd4 Qxd4
9.cxd4 d5 10.e3 e6 11.a3 Nc6 12.g4 Nd7 13.Bb5 Nd8 14.Rc1 a6 15.Bd3 Nc6 16.Bc7 Be7
17.Ne2 h5 18.gxh5 Rxh5 19.Rg1 g5 20.f4 Nf8 21.fxg5 Bxg5 22.Nf4 Bh4+ 23.Kf1 Rh8
24.Nc5 Bd8 25.Bxd8 Nxd8 26.Rc2 Nd7 27.b4 Nxc5 28.bxc5 Nc6 29.Rg7 Bd7 30.Rcg2 Ne7
31.Kg1 Bb5 32.Bh7 Kf8 33.Nh5 b6 34.cxb6 Rb8 35.Nf6 Rxb6 36.h4 Ng6 37.R2xg6 fxg6
38.Ra7 Bc6 39.Bxg6 Rb7 40.Rxa6 Kg7 41.Rxc6 Kxf6 42.h5 Rb2 43.e4 Rd8 44.e5+ Kg5
45.Rxe6 Rc8 46.Rf6 Kh4 47.Rf1 Kg3 48.Rd1 Rc3 49.Bd3 Rg2+ 50.Kf1 Rxa3 51.e6 Rf2+
52.Kg1 Rf6 53.e7 Re6 54.h6 Rxe7 55.h7 Ra8 56.Rf1 Re6 57.Bf5 Re2 58.Rc1 Rg2+
59.Kh1 Rh2+ 60.Kg1 Rh5  1/2-1/2

[Event "FIN-ch"]
[Site "Helsinki"]
[Date "1994.??.??"]
[Round "?"]
[White "Manninen, Marko"]
[Black "Hartikainen, Markku"]
[Result "1-0"]
[WhiteElo "2375"]
[BlackElo "2235"]

1.d4 Nf6 2.Bg5 Ne4 3.Bf4 c5 4.f3 Qa5+ 5.c3 Nf6 6.Nd2 cxd4 7.Nb3 Qd8 8.cxd4 d6
9.e4 e6 10.Bd3 Be7 11.Ne2 O-O 12.O-O Nc6 13.Be3 a5 14.a3 Bd7 15.Nd2 a4 16.Nc3 e5
17.d5 Nd4 18.Ne2 Nxe2+ 19.Qxe2 Nh5 20.g3 g6 21.Nc4 Bh3 22.Rfc1 f5 23.Bb6 Qe8
24.Bc7 Ra6 25.Nd2 Ra8 26.Kh1 Qf7 27.Nc4 Ra6 28.Nxe5 dxe5 29.d6 Bxd6 30.Bxa6 bxa6
31.Bxd6 fxe4 32.Qxe4 Rd8 33.Rd1  1-0

[Event "Horgen SKA"]
[Site "Horgen"]
[Date "1994.??.??"]
[Round "2"]
[White "Schlosser, Philipp"]
[Black "Hug, Werner"]
[Result "0-1"]
[WhiteElo "2510"]
[BlackElo "2445"]

1.d4 Nf6 2.Bg5 Ne4 3.Bf4 d5 4.f3 Nf6 5.Nc3 e6 6.e4 Bb4 7.Qd3 c6 8.Ne2 b6
9.a3 Ba6 10.Qd2 Be7 11.g4 dxe4 12.fxe4 Nxg4 13.Bh3 Bh4+ 14.Ng3 e5 15.Bxg4 exf4
16.Qxf4 Qxd4 17.Be2 Qf6 18.Qc7 Qe7 19.Qf4 Bxe2 20.Kxe2 Bxg3 21.hxg3 Nd7 22.Rad1 Ne5
23.g4 f6 24.Rdg1 O-O 25.g5 fxg5 26.Qxg5 Qxg5 27.Rxg5 Rae8 28.b3 Nf3 29.Rg2 Rf7
30.Ke3 Ne5 31.Ne2 Rf3+ 32.Kd2 Ng6 33.Rg3 Rf6 34.Ke3 Ne7 35.Kd2 Rd6+ 36.Rd3 Re6
37.Ng3 Nc8 38.Rd7 Rd6+ 39.Rxd6 Nxd6 40.Ke3 g6 41.a4 Kg7 42.Rd1 Rd8 43.Rf1 h5
44.a5 Nf7 45.axb6 axb6 46.Ra1 Ne5 47.Nf1 b5 48.Nh2 Kf6 49.Rf1+ Ke6 50.Rg1 Rf8
51.Rg2 Rg8 52.Rg5 Rf8 53.Rg2 c5 54.Rg1 Ra8 55.Nf3 Nxf3 56.Kxf3 Kf6 57.Rd1 Re8
58.Rd6+ Re6 59.Rd5 Re5 60.Rd6+ Kg5 61.c3 b4 62.cxb4 cxb4 63.Rb6 Rc5 64.Rxb4 Rc3+
65.Kg2 Kf4 66.Rb5 Re3 67.Rb6 g5 68.Rf6+ Kxe4 69.b4 Rb3 70.Rh6 h4 71.Rc6 Rxb4
72.Kh3 Kf5 73.Rc5+ Kf4 74.Rc3 Re4  0-1

[Event "Horgen SKA"]
[Site "Horgen"]
[Date "1994.??.??"]
[Round "8"]
[White "Hodgson, Julian M"]
[Black "Hug, Werner"]
[Result "1/2-1/2"]
[WhiteElo "2580"]
[BlackElo "2445"]

1.d4 Nf6 2.Bg5 Ne4 3.Bf4 d5 4.f3 Nf6 5.e4 e6 6.e5 Nfd7 7.Be3 c5 8.c3 Nc6
9.f4 Qb6 10.Qd2 a5 11.a4 cxd4 12.cxd4 Qb3 13.Nc3 Nb6 14.Nf3 Bb4 15.Bb5 Nc4
16.Bxc4 Qxc4 17.Kf2 Bd7 18.Rhc1 O-O 19.Qd1 Qa6 20.f5 f6 21.Nb5 Qb6 22.Qb3 Ne7
23.fxe6  1/2-1/2

[Event "Hradec Kralove op"]
[Site "Hradec Kralove"]
[Date "1994.??.??"]
[Round "4"]
[White "Pohorsky, Pavel"]
[Black "Dosedel, J."]
[Result "1-0"]
[WhiteElo "2020"]
[BlackElo "1965"]

1.d4 Nf6 2.Bg5 Ne4 3.Bh4 g5 4.Bg3 Nxg3 5.hxg3 d5 6.e3 Bf5 7.Nf3 f6 8.Bd3 Qd7
9.c4 Bxd3 10.Qxd3 dxc4 11.Qxc4 Qc6 12.Nbd2 Qxc4 13.Nxc4 e6 14.Rc1 Na6 15.Ke2 c6
16.g4 Rd8 17.Nfd2 Kf7 18.g3 Be7 19.f4 f5 20.gxf5 exf5 21.fxg5 Rde8 22.Kf3 Bd8
23.Rh6 Re7 24.Rch1 Kg8 25.g6 Rd7 26.Ne5 Rc7 27.gxh7+ Rhxh7 28.Rxh7 Rxh7 29.Rxh7 Kxh7
30.Kf4 Nb4 31.Kxf5  1-0

[Event "HUN-chT 9394"]
[Site "?"]
[Date "1994.??.??"]
[Round "?"]
[White "Brandics, Jozsef"]
[Black "Rigo, Janos"]
[Result "1-0"]
[WhiteElo "2280"]
[BlackElo "2340"]

1.d4 Nf6 2.Bg5 Ne4 3.Bf4 c5 4.f3 Qa5+ 5.c3 Nf6 6.d5 Qb6 7.Qd2 Nxd5 8.Bxb8 Rxb8
9.e4 Nf6 10.e5 Nd5 11.Na3 Qe6 12.f4 Nc7 13.Bc4 d5 14.O-O-O b5 15.Bxd5 Nxd5
16.Qxd5 Qxd5 17.Rxd5 Bb7 18.Rd2 a6 19.Nh3 e6 20.Re1 Be7 21.Ng5 Bd5 22.c4 bxc4
23.Ne4 g5 24.Nf6+ Bxf6 25.exf6 Rd8 26.fxg5 h6 27.Re5 hxg5 28.Rxg5 Rxh2 29.Rg8+ Kd7
30.Rxd8+ Kxd8 31.Nxc4 Rh6 32.Ne3 Rh5 33.g4 Re5 34.Rd3 Kc7 35.Kd2 Kc6 36.Rc3 Re4
37.Ra3 Kb5 38.g5 Rf4 39.Rd3 Be4 40.Rb3+ Kc6 41.Ra3 Rf2+ 42.Ke1 Rxb2 43.Rxa6+ Kd7
44.Nc4 Rg2 45.Ne5+ Kc7 46.Nxf7 Bg6 47.Ne5 Rxg5 48.Nxg6 Rxg6 49.f7  1-0

[Event "HUN-chT 9394"]
[Site "?"]
[Date "1994.??.??"]
[Round "?"]
[White "Donka, Peter"]
[Black "Halasz, Tamas"]
[Result "1/2-1/2"]
[WhiteElo "2220"]
[BlackElo "2390"]

1.d4 Nf6 2.Bg5 Ne4 3.Bf4 d5 4.Nd2 Bf5 5.e3 e6 6.Bd3 Nd7 7.Bxe4 dxe4 8.Ne2 h5
9.h3 g5 10.Bg3 h4 11.Bh2 Bg6 12.Nc3 Bb4 13.Nb5  1/2-1/2

[Event "HUN-chT 9394"]
[Site "?"]
[Date "1994.??.??"]
[Round "?"]
[White "Donka, Peter"]
[Black "Konopka, Michal"]
[Result "0-1"]
[WhiteElo "2220"]
[BlackElo "2440"]

1.d4 Nf6 2.Bg5 Ne4 3.Bf4 c5 4.f3 Nf6 5.dxc5 Na6 6.e4 Nxc5 7.Nc3 Ne6 8.Be3 d6
9.Bc4 g6 10.Nge2 Bg7 11.Qd2 Qa5 12.g4 Bd7 13.O-O-O Rc8 14.Bb3 Nc5 15.Kb1 Nxb3
16.cxb3 Bc6 17.h4 Nd7 18.h5 Ne5 19.Nd4 Nxf3 20.Nxf3 Bxc3 21.Qd3 Bg7 22.h6 Bf6
23.g5 Qb4 24.Nd2 Bb5 25.Qd5 e6 26.a3 exd5 27.axb4 Bd3+ 28.Ka2 d4 29.gxf6 dxe3
30.Nc4 Bxc4 31.bxc4 O-O 32.Rd4 Rfe8 33.Re1 Re6 34.Rxe3 Rxf6 35.Red3 Kf8 36.Kb3 Ke7
37.e5 dxe5 38.Rd7+ Ke6 39.Rxb7 e4 40.Rdd7 Re8 41.b5 e3 42.Kc2 Rf2+ 43.Kd1 f5
44.Rd4 e2+ 45.Ke1 Kf6  0-1

[Event "HUN-chT 9394"]
[Site "?"]
[Date "1994.??.??"]
[Round "?"]
[White "Brandics, Jozsef"]
[Black "Honos, Attila"]
[Result "1/2-1/2"]
[WhiteElo "2280"]
[BlackElo "2300"]

1.d4 Nf6 2.Bg5 Ne4 3.Bf4 d5 4.Nd2 Bf5 5.e3 Nxd2 6.Qxd2 e6 7.Nf3 Bd6 8.Bxd6 Qxd6
9.Be2 Nd7 10.O-O h6 11.c4 dxc4 12.Bxc4 O-O 13.Bd3 Bg4 14.Be2 c5 15.Rfd1 Rfd8
16.h3 Bh5 17.Qa5 b6 18.Qa3 Qf8 19.dxc5 Qxc5 20.b4 Qe7 21.Qa4 Nf6  1/2-1/2

[Event "HUN-chT 9394"]
[Site "?"]
[Date "1994.??.??"]
[Round "?"]
[White "Orgovan, Sandor"]
[Black "Petran, Pal"]
[Result "0-1"]
[WhiteElo "2330"]
[BlackElo "2475"]

1.d4 Nf6 2.Bg5 Ne4 3.Bh4 c5 4.f3 g5 5.fxe4 gxh4 6.e3 Qb6 7.Nc3 e6 8.Bc4 Bh6
9.Kf2 Nc6 10.Nf3 O-O 11.Qd3 Nb4 12.Qe2 d5 13.exd5 exd5 14.Nxd5 Nxd5 15.Bxd5 cxd4
16.exd4 Bg4 17.Qe4 Bxf3 18.gxf3 Rae8 19.Qg4+ Kh8 20.Rhe1 Qxb2 21.Bb3 Qc3
22.Qxh4 Be3+ 23.Kg2 Bf4 24.Bxf7 Rg8+  0-1

[Event "HUN-chT 9394"]
[Site "?"]
[Date "1994.??.??"]
[Round "?"]
[White "Szabo, Zsolt"]
[Black "Tenyi, Jozsef"]
[Result "1-0"]
[WhiteElo "2280"]
[BlackElo "2350"]

1.d4 Nf6 2.Bg5 Ne4 3.Bf4 d5 4.Nd2 f5 5.g4 e6 6.gxf5 exf5 7.Ngf3 Be7 8.e3 O-O
9.Bd3 Be6 10.Qe2 c6 11.Rg1 Nd7 12.Rg2 Kh8 13.Ne5 Bf6 14.Ndf3 c5 15.Nxd7 Bxd7
16.Ne5 g5 17.Bxe4 gxf4 18.Bxd5 Bc6 19.Ng6+  1-0

[Event "JUG-chT"]
[Site "Igalo"]
[Date "1994.??.??"]
[Round "?"]
[White "Kosic, Dragan"]
[Black "Martinovic, Slobodan"]
[Result "1/2-1/2"]
[WhiteElo "2525"]
[BlackElo "2455"]

1.d4 Nf6 2.Bg5 Ne4 3.h4 d5 4.Nd2 Bf5 5.Nxe4 Bxe4 6.f3 h6 7.Bf4 Bh7 8.e3 e6
9.Bd3 Bxd3 10.Qxd3 c6 11.O-O-O Nd7 12.Ne2 Qa5 13.Kb1 O-O-O 14.e4 Nb6 15.b3 Qb5
16.Qxb5 cxb5 17.g4 h5 18.gxh5 Rxh5 19.Bg5 Rd7 20.e5 Be7 21.Rdg1 Rh7 22.h5 Kd8
23.Be3 Kc7 24.h6 g6 25.Nc3 a6 26.Nd1 Kd8 27.Nf2 Rc7 28.Bd2 Nd7 29.Kb2 Rc8
30.Nh3 Nb8 31.c3 Nc6 32.Be3 b4 33.Rc1 bxc3+ 34.Rxc3 Kd7 35.Nf2 Rg8 36.Ng4 g5
37.a3 a5 38.Rc2 Rg6 39.Rh5 f5 40.exf6 Bxf6 41.Rg2 Bh8 42.Kc3 Ke8 43.Kd3 Kf8
44.Rg3 Kf7 45.Rg1 Kf8 46.Rg3 Kf7 47.Rgh3 Kg8 48.Rh1 Kf8 49.R1h3 Kg8 50.Bxg5 Bxd4
51.Rh2 Rf7 52.h7+ Kh8 53.f4 Bg7 54.Nh6 Rf8 55.Ng4 e5 56.Nxe5 Bxe5 57.fxe5 Nxe5+
58.Ke2 Re8 59.Kd1 Nf3 60.Rg2 Re1+ 61.Kc2 Ree6 62.Rg3 Nxg5 63.Rhxg5 Rxg5 64.Rxg5 a4
65.Rxd5 Re2+ 66.Kc3 Re3+ 67.Rd3 Rxd3+ 68.Kxd3 axb3 69.Kc3 Kxh7 70.Kxb3 Kg6
71.Kb4 Kf5 72.Kc5 Ke6 73.Kb6 Kd5  1/2-1/2

[Event "JUG-chT"]
[Site "Igalo"]
[Date "1994.??.??"]
[Round "?"]
[White "Knezevic, Bojan"]
[Black "Ristic, Nebojsa"]
[Result "1-0"]
[WhiteElo "2385"]
[BlackElo "2380"]

1.d4 Nf6 2.Bg5 Ne4 3.h4 c6 4.Nd2 Qa5 5.Nf3 d6 6.c3 Nxd2 7.Bxd2 h6 8.e4 e5
9.dxe5 dxe5 10.Bc4 Be7 11.Qb3 O-O 12.Ng5 hxg5 13.hxg5 g6 14.Bxf7+ Kg7 15.Rh6 Bxg5
16.Rxg6+ Kh7 17.f3 Qb6 18.O-O-O  1-0

[Event "IND-ch"]
[Site "?"]
[Date "1994.??.??"]
[Round "16"]
[White "Shantharam, KV."]
[Black "Muralidharan, MB."]
[Result "0-1"]
[WhiteElo "2260"]
[BlackElo "2420"]

1.d4 Nf6 2.Bg5 Ne4 3.Bf4 c5 4.f3 Qa5+ 5.c3 Nf6 6.d5 e6 7.e4 d6 8.dxe6 Bxe6
9.Na3 d5 10.Bxb8 Rxb8 11.Bb5+ Ke7 12.e5 Ne8 13.f4 Nc7 14.Bd3 b5 15.Nc2 d4
16.b4 Qb6 17.bxc5 Qxc5 18.cxd4 Qc3+ 19.Kf2 Bc4 20.Bxc4 bxc4 21.Ne2 Qd3 22.Rb1 Rb6
23.Rxb6 axb6 24.Ne3 Kd7 25.a4 Bb4 26.Qb1 Bd2 27.Qxd3 cxd3 28.Nc4 dxe2 29.Nxd2 Ra8
30.Kxe2 Rxa4 31.Ke3 f5 32.exf6 Nd5+ 33.Ke4 Nxf6+ 34.Kd3 Nd5 35.g3 Ra3+ 36.Ke4 Nf6+
37.Ke5  0-1

[Event "ITA-chT"]
[Site "Italy"]
[Date "1994.??.??"]
[Round "3"]
[White "Verrascina, Roberto"]
[Black "Iannacone, Ernesto"]
[Result "1/2-1/2"]
[WhiteElo "2240"]
[BlackElo "2375"]

1.d4 Nf6 2.Bg5 Ne4 3.Bh4 d5 4.f3 Nd6 5.e4 dxe4 6.fxe4 Nxe4 7.Nf3 g6 8.Bc4 Bg7
9.O-O O-O 10.c3 Nd6 11.Bb3 Nc6 12.Qe2 Nf5 13.Bg5 h6 14.Bf4 e6 15.Na3 a5 16.Nb5 Nd6
17.a4 Nxb5 18.axb5 Ne7 19.Be5 c6 20.Bxg7 Kxg7 21.Ne5 cxb5 22.Qxb5 Ra6 23.Qd3 Rb6
24.Bc2 Rxb2 25.Rf2 Bd7 26.Nxd7 Qxd7 27.Ba4 b5 28.Rxb2 bxa4 29.Qb5 Qc7 30.c4 Rd8
31.Qe5+ Qxe5 32.dxe5 Nc6 33.Rb5 Nd4 34.Rb7 Nc6 35.Rb5 Nd4 36.Rb7 Nc6 37.Rb5  1/2-1/2

[Event "JUG-chT"]
[Site "JUG"]
[Date "1994.??.??"]
[Round "1"]
[White "Knezevic, Bojan"]
[Black "Ristic, Nenad"]
[Result "1-0"]
[WhiteElo "2385"]
[BlackElo "2380"]

1.d4 Nf6 2.Bg5 Ne4 3.h4 c6 4.Nd2 Qa5 5.Nf3 d6 6.c3 Nxd2 7.Bxd2 h6 8.e4 e5
9.dxe5 dxe5 10.Bc4 Be7 11.Qb3 O-O 12.Ng5 hxg5 13.hxg5 g6  1-0

[Event "JUG-chT"]
[Site "JUG"]
[Date "1994.??.??"]
[Round "7"]
[White "Kosic, Dragan"]
[Black "Filipovic, Branko"]
[Result "1-0"]
[WhiteElo "2515"]
[BlackElo "2405"]

1.d4 Nf6 2.Bg5 Ne4 3.h4 d5 4.Nd2 Nxg5 5.hxg5 c5 6.dxc5 e5 7.e4 Bxc5 8.Ngf3 Qb6
9.Qe2 Qxb2 10.Rb1 Qxc2 11.Qb5+ Bd7 12.Qxb7 O-O 13.Qxd5 Bc6 14.Qc4 Qxc4 15.Bxc4 Nd7
16.g6 hxg6 17.Nh4 Nf6 18.Nxg6 Nh7 19.Rb3 Bd7 20.Nxf8 Rxf8 21.Nf3 Re8 22.Rb7 Nf8
23.Ng5 Re7 24.Rb8 g6 25.Nh7  1-0

[Event "Kstovo op"]
[Site "Kstovo"]
[Date "1994.??.??"]
[Round "3"]
[White "Aleksandrov, Aleksej"]
[Black "Verdihanov, Vladislav"]
[Result "1-0"]
[WhiteElo "2525"]
[BlackElo "2410"]

1.d4 Nf6 2.Bg5 Ne4 3.Bh4 c5 4.f3 g5 5.fxe4 gxh4 6.e3 Bh6 7.Kf2 cxd4 8.exd4 e5
9.Nc3 exd4 10.Qxd4 O-O 11.Qd6 Bg7 12.Nf3 Re8 13.Nd5 Re6 14.Qf4 Nc6 15.Bd3 d6
16.Rad1 Ne5 17.Qxh4 Nxd3+ 18.cxd3 Qxh4+ 19.Nxh4 Bxb2 20.Nf5 Rb8 21.Rb1 Bf6
22.Rhc1 Bd8 23.Nd4 Bd7 24.Nxe6 fxe6 25.Nb4 Bb6+ 26.Ke2 Rd8 27.Nc2 Bc6 28.Ne3 Kg7
29.Rf1 Bd4 30.Rf4 Rd7 31.Nc4 b6 32.Rbf1 h6 33.h4 Bb7 34.Nxd6 Rxd6 35.Rf7+ Kg6
36.Rxb7 Rc6 37.Rxa7 Rc2+ 38.Kf3 Rd2 39.Ra3 Kh5 40.Kg3 b5 41.Rb3 Kg6 42.Rxb5 Rxd3+
43.Rf3 Rd2 44.h5+ Kg7  1-0

[Event "Kstovo op"]
[Site "Kstovo"]
[Date "1994.??.??"]
[Round "5"]
[White "Aleksandrov, Aleksej"]
[Black "Voitsekhovsky, Stanislav"]
[Result "1-0"]
[WhiteElo "2525"]
[BlackElo "2430"]

1.d4 Nf6 2.Bg5 Ne4 3.Bh4 c5 4.f3 Qa5+ 5.c3 g5 6.fxe4 gxh4 7.e3 Bh6 8.Nd2 cxd4
9.exd4 Nc6 10.Nh3 Bxd2+ 11.Qxd2 d6 12.b4 Qh5 13.Be2 Bg4 14.O-O Rg8 15.Rae1 Bxe2
16.Qxe2 Qh6 17.Rf5 f6 18.Rh5 Qg7 19.Nf4 Qf7 20.d5 Nd8 21.Rxh4 Rc8 22.Qb5+ Kf8
23.Qd7 Ra8 24.Re3 Rg7 25.Reh3 Kg8 26.Nh5 Rg5 27.Ng3  1-0

[Event "Kurgan"]
[Site "Kurgan"]
[Date "1994.??.??"]
[Round "5"]
[White "Predein, V."]
[Black "Pugachov, Alexey"]
[Result "1/2-1/2"]
[WhiteElo "2360"]
[BlackElo "2470"]

1.d4 Nf6 2.Bg5 Ne4 3.Bf4 d5 4.Nd2 Bf5 5.Nxe4 Bxe4 6.e3 e6 7.Nf3 Be7 8.Bd3 Bxd3
9.Qxd3 Nd7 10.O-O O-O 11.c4 c6 12.cxd5 exd5 13.b4 a6 14.Rfc1 Nb6 15.Qb3 Nc4
16.Ne5 Nd6 17.Nd3 Nc4 18.Ne5 Nd6 19.Nd3 Nc4  1/2-1/2

[Event "Las Palmas-B"]
[Site "Las Palmas"]
[Date "1994.??.??"]
[Round "2"]
[White "Miladinovic, Igor"]
[Black "Villavicencio, Adalberto"]
[Result "1-0"]
[WhiteElo "2480"]
[BlackElo "2360"]

1.d4 Nf6 2.Bg5 Ne4 3.h4 d5 4.Nd2 Nd6 5.e3 Nd7 6.c4 h6 7.Bf4 dxc4 8.Nxc4 e6
9.Rc1 Be7 10.Nf3 Nxc4 11.Bxc4 c6 12.a3 b6 13.Bd3 Bb7 14.Be4 Rc8 15.Qa4 a6
16.Ne5 Nxe5 17.Bxe5 O-O 18.h5 Bd6 19.Bxd6 Qxd6 20.O-O e5 21.Rfd1 exd4 22.Rxd4 Qe7
23.Bf3 Rfd8 24.Rxd8+ Rxd8 25.Qb3 c5 26.Qxb6 Bxf3 27.gxf3 Rd5 28.Qxa6 Rxh5
29.Qa8+ Kh7 30.Qe4+ Qxe4 31.fxe4 Re5 32.Rc4 f5 33.f4 Re7 34.Rxc5 Rxe4 35.Kf2 Kg6
36.b4 Re7 37.a4  1-0

[Event "Leon"]
[Site "Leon"]
[Date "1994.??.??"]
[Round "7"]
[White "Romero Holmes, Alfonso"]
[Black "Ljubojevic, Ljubomir"]
[Result "0-1"]
[WhiteElo "2455"]
[BlackElo "2600"]

1.d4 Nf6 2.Bg5 Ne4 3.Bh4 d5 4.f3 Nd6 5.Nc3 c6 6.e4 Qb6 7.Rb1 e6 8.Bf2 a5
9.Bd3 Na6 10.a3 Qd8 11.Nge2 b5 12.Ng3 Nc7 13.a4 b4 14.Nce2 g6 15.Be3 h5 16.O-O Ba6
17.Bf4 h4 18.Nh1 g5 19.Bxd6 Qxd6 20.e5 Qe7 21.Bxa6 Rxa6 22.Nf2 f5 23.exf6 Qxf6
24.Ng4 Qf5 25.Nc1 c5 26.Nd3 c4 27.Nde5 Bg7 28.b3 c3 29.Qe2 Rd6 30.Rf2 Rf8
31.Rbf1 Kd8 32.g3 Kc8 33.Re1 Rh8 34.Qe3 Kb7 35.f4 hxg3 36.hxg3 gxf4 37.Qxf4 Qxf4
38.Rxf4 Rh5 39.Rf7 Rg5 40.Kg2 Rd8 41.Nf6 Bxf6 42.Rxf6 Rdg8 43.Re3 Rh5 44.Nf3 Rg4
45.Rf7 Kb6 46.Rf4 Rxf4 47.gxf4 Rf5 48.Kg3 Kc6 49.Kg4 Rf8 50.Ne5+ Kd6 51.Rh3 Ne8
52.Kf3 Nf6 53.Rh6 Ne4 54.Ke3 Ng3 55.Rh7 Nf5+ 56.Kd3 Nxd4 57.Rd7+ Kc5 58.Rc7+ Kd6
59.Rd7+ Kc5 60.Rc7+ Kb6 61.Nd7+ Kxc7 62.Nxf8 e5 63.fxe5 Nf3 64.Ne6+ Kd7 65.Nf4 Nxe5+
66.Kd4 Kd6 67.Nxd5 Nf3+ 68.Ke3 Ne1 69.Nb6 Nxc2+ 70.Kd3 Na3 71.Nc8+ Kc5 72.Ne7 Nb1
73.Nf5 Nd2 74.Nd4 Kd5 75.Ke3 Ne4 76.Ne2 Nc5 77.Nc1 Nxa4 78.bxa4 Kc4 79.Nd3 b3
80.Ne5+ Kd5  0-1